| 000 | 00000nam##2200000za#4500 |
| 001 | 9.602056 |
| 003 | CaOODSP |
| 005 | 20210624210357 |
| 007 | cr ||||||||||| |
| 008 | 150406|2004||||xxc|||||o f|0| 0 fre|d |
| 040 | |aCaOODSP|bfre |
| 043 | |an-cn--- |
| 086 | 1 |aCW69-16/13-2004F-PDF |
| 110 | 2 |aService canadien de la faune. |
| 245 | 10|aSituation des populations d'oiseaux migrateurs considérés comme gibier au Canada (et réglementation proposée concernant les espèces surabondantes), Novembre 2004 / |h[ressource électronique]|c[par] J. Bruce Pollard et Kathryn M. Dickson. |
| 260 | |aGatineau - Québec : |bEnvironnement Canada. |cNovembre 2004. |
| 300 | |a106p.|bgraphiques, cartes, références, tableaux |
| 490 | 1 |aRapport du SCF sur la réglementation concernant les oiseaux migrateurs|vN° 13 |
| 500 | |aLe nº de catalogue (CW69-16/13-2004F), l'ISBN (0-662-78378-6) et l'ISSN (1497-0139) de l'édition imprimée ont été incorrectement copiés dans cette édition électronique. |
| 590 | |a12-04-Supp|b2012-02-20 |
| 720 | 1 |aPollard, J. Bruce |
| 720 | 1 |aDickson, Kathryn M. |
| 775 | 08|tPopulation status of migratory game birds in Canada (and regulation proposals for overabundant species), November 2004 / |w(CaOODSP)9.571454 |
| 830 | #0|aRapport du SCF sur la réglementation concernant les oiseaux migrateurs ;|vN° 13|w(CaOODSP)9.501537 |
| 856 | 40|ahttp://publications.gc.ca|qPDF|s1.25 Mo|uhttps://publications.gc.ca/collections/collection_2011/ec/CW69-16-13-2004-fra.pdf|yN° 13 |